000 00627nam a22002297a 4500
999 _c6823
_d6823
003 OSt
005 20210320124634.0
008 210319b ||||| |||| 00| 0 eng d
020 _a1901396290
040 _cDDC
082 _a632 WOR 1998
100 _aEditor Copping L.G.
_913979
245 _aThe BioPesticide Manual
250 _a1st ed.
260 _aUK; The British Crop Protection Council, 1998
300 _axxxvii,333p;ill:23cm
440 _aA world Compedium
_913980
504 _aReferences, glossary, & indices included
650 _aPesticide
_913981
650 _aAgriculture
_94591
942 _2ddc
_cO_SHELF